| 000 | 00818nam a22002657a 4500 | ||
|---|---|---|---|
| 003 | 0 | ||
| 005 | 20180823132502.0 | ||
| 008 | 0 | ||
| 010 | _aB-107271 | ||
| 020 |
_c790.00 _a8121208238 |
||
| 035 | _aB-107271, B-107272, B-107275 | ||
| 037 | _bCen Lib/Ret | ||
| 040 |
_aDPL _bEN _c0 |
||
| 082 |
_a027.554 _bRAM |
||
| 100 |
_aRamasamy, R _915115 |
||
| 245 |
_aStatus of state central libraries in India : _cby R. Ramasamy ; edited by Krushna C. Panda _ban analytical study / |
||
| 260 |
_aNew Delhi _bGyan Publishing House |
||
| 270 |
_a5, Ansari Road, Daryaganj _bNew Delhi |
||
| 300 |
_a318p. _c22cm(Hb) |
||
| 500 | _aIncludes index | ||
| 650 |
_aNational libraries _915116 |
||
| 650 |
_aPublic libraries _96368 |
||
| 700 |
_aPanda, Krushna C _915118 |
||
| 942 |
_2ddc _cEN _h027.554 _mRAM |
||
| 999 |
_c125671 _d125671 |
||